| 000 | 00387nam a2200145Ia 4500 | ||
|---|---|---|---|
| 008 | 151015s9999 xx 000 0 und d | ||
| 050 | _aHB 171.5 .S 2005 | ||
| 245 | _aSamuelson, Paul Anthony | ||
| 250 | _a_Economics | ||
| 260 | _a8th ed. | ||
| 300 | _aNew Delhi Tata Mcgraw Hill 2005 | ||
| 500 | _aincludes index | ||
| 650 | _a_Economics | ||
| 700 | _a^d20101215 04:10:05^oTiampati | ||
| 999 |
_c378 _d378 |
||